000 00577nam a2200193Ia 4500
005 20260114185730.0
008 008 260114s9999 xx 000 0 eng d
020 _a9781350258631
037 _aEBOOK
040 _aCRL
_beng
_cCRL
041 _aeng
_2eng
084 _qCRL
100 _aCarolyn S. Loeb
_9873720
245 4 _aThe City as Subject Public Art and Urban Discourse in Berlin
260 _bBloomsbury
_c2022
856 _uhttps://doi.org/10.5040/9781350258631?locatt=label:secondary_bloomsburyCollections
942 _cEBOOK
999 _c1472665
_d1472665